| 000 | 00604nam a22002177a 4500 | ||
|---|---|---|---|
| 005 | 20170124110111.0 | ||
| 010 | _aA-716289 | ||
| 020 | _c40.00 | ||
| 035 | _aA-716289 | ||
| 037 | _bCen Lib/Ret | ||
| 040 |
_aDPL _bEN |
||
| 082 |
_a898.208 _bSOP |
||
| 245 |
_aSophocles antigone / _cedited by K. G. Srivastava |
||
| 260 |
_aAllahabad _bKitab Mahal _c1994 |
||
| 270 |
_bAllahabad _a22-A, S.N. Marg |
||
| 300 |
_a94p. _c21cm(Hb) |
||
| 650 |
_aAntigone (Sophocles) _929162 |
||
| 650 |
_aGreek drama _929163 |
||
| 700 |
_aSrivastava, K. G. _929164 |
||
| 942 |
_2ddc _cEN _h898.208 _mSOP |
||
| 999 |
_c130420 _d130420 |
||